000
003200000a22001450004500
003
MACL
040
_a
MACL
090
_c
6960
_d
6959
100
_a
Dubey, S M
245
_a
North East India
_b
A Sociological Study
260
_b
Concept Publishing Company
_c
1978
350
_a
96
650
_a
Sociology
942
_c
BOOK
_k
300
999
_c
6912
_d
6912